حول تطبيق الشريعة
| Main Author: | |
|---|---|
| Format: | Book |
| Published: |
Qahirah
Maktabah al-Sunnah
1991
|
| Subjects: |
MARC
| LEADER | 00000cam a2200000 7i4500 | ||
|---|---|---|---|
| 001 | 0000000221 | ||
| 008 | 021118s1991 | ||
| 090 | 0 | 0 | |a BP163 |b . Q9 1991 |
| 100 | 0 | |a قطب، محمد |e author | |
| 245 | 1 | 0 | |a حول تطبيق الشريعة |c محمد قطب |
| 260 | 2 | |a Qahirah |b Maktabah al-Sunnah |c 1991 | |
| 300 | |a 135 p. |c 24 cm | ||
| 650 | 0 | |a Islamic law | |
| 650 | 0 | |a Islam |y 20th century | |
| 745 | 0 | 0 | |a Hawla tatbiq al-shari`ah |
| 999 | |a 1000032015 |b Book |c OPEN SHELF (30 DAYS) |e Gong Badak Campus | ||
| 999 | |a 1000075316 |b Book |c OPEN SHELF (30 DAYS) |e Gong Badak Campus | ||